MARC details
| 000 -CABECERA |
| campo de control de longitud fija |
02587nab a2200325 a 4500 |
| 005 - FECHA Y HORA DE LA ÚLTIMA TRANSACCIÓN |
| campo de control |
20250226091354.0 |
| 008 - ELEMENTOS DE LONGITUD FIJA--INFORMACIÓN GENERAL |
| campo de control de longitud fija |
991125c2017 sp qr p o 000 0 spa d |
| 035 ## - NÚMERO DE CONTROL DEL SISTEMA |
| Número de control de sistema |
UPN01000222038 |
| 040 ## - FUENTE DE LA CATALOGACIÓN |
| Centro catalogador/agencia de origen |
UPN |
| Lengua de catalogación |
spa |
| Centro/agencia transcriptor |
UPN |
| Normas de descripción |
aacr2 |
| 049 ## - COLECCIÓN |
| Colección |
ART-E |
| 100 1# - ASIENTO PRINCIPAL--NOMBRE PERSONAL |
| Nombre de persona |
Almadana Pacheco, Virginia |
| Enlace |
- virginiacadiz@yahoo.es |
| 100 1# - ASIENTO PRINCIPAL--NOMBRE PERSONAL |
| Nombre de persona |
Gómez-Bastero Fernández, Ana Paulina |
| 100 1# - ASIENTO PRINCIPAL--NOMBRE PERSONAL |
| Nombre de persona |
Valido Morales, Agustín |
| 100 1# - ASIENTO PRINCIPAL--NOMBRE PERSONAL |
| Nombre de persona |
Luque Crespo, Estefanía |
| 100 1# - ASIENTO PRINCIPAL--NOMBRE PERSONAL |
| Nombre de persona |
García, Soledad Monserrat |
| 100 1# - ASIENTO PRINCIPAL--NOMBRE PERSONAL |
| Nombre de persona |
Montemayor Rubio, Teodoro |
| 245 10 - MENCIÓN DE TÍTULO |
| Título |
Ansiedad, depresión y deshabituación tabáquica. |
| Medio |
[recurso electrónico en línea] |
| 506 0# - NOTA DE RESTRICCIONES AL ACCESO |
| Limitaciones de acceso |
Acceso abierto |
| 520 3# - NOTA DE RESUMEN, ETC. |
| Sumario, etc. |
Existe evidencia de la relación entre patología mental y tabaquismo y del mayor riesgo de sufrir un episodio depresivo al dejar de fumar, incluso con tratamientos específicos para la abstinencia. Objetivo: valorar la influencia de un programa de abandono del tabaco en el estado emocional de los pacientes mediante la medición de los niveles de ansiedad/depresión y las posibles diferencias en función de la presencia de antecedentes psiquiátricos. Método: estudio de cohortes observacional y prospectivo de pacientes que acudieron a dejar de fumar mediante programa combinado (farmacológico y cognitivoconductual). Se midió ansiedad (A) y depresión (D) utilizando el cuestionario HADS al inicio, primer y tercer mes de abstinencia. Resultados: la ansiedad y la depresión presentaron mejoría significativa y progresiva a lo largo del tratamiento (A: basal 9,2±4,6; 1 mes 5,9±3,6; 3 meses 4,5±3,1; p<0,05 / D: basal 5,5±4,1; 1 mes 3±3; 3 meses 2,3±2,1; p<0,05), en la población psiquiátrica (A: basal 11,3±4,5; 1 mes 7,1±3,7; 3 meses 5,3±3,5; p<0,05 / D: basal 7,4±4,8; 1 mes 4,2±3,6; 3 meses 3±2,9; p<0,05), e independientemente del tratamiento. Tasa de abstinencia: 58,5%, no se vio afectada por los niveles basales de ansiedad y depresión. No se detectaron efectos secundarios neuropsiquiátricos relevantes. Conclusiones: los niveles de ansiedad y depresión evolucionan favorablemente durante el programa, alcanzándose buenos resultados, independientemente de la presencia de patología psiquiátrica. |
| 650 #7 - ASIENTO SECUNDARIO DE MATERIA - TERMINO TEMATICO |
| 9 (RLIN) |
4750 |
| Término de materia o nombre geográfico como elemento de entrada |
Ansiedad |
| 650 #2 - ASIENTO SECUNDARIO DE MATERIA - TERMINO TEMATICO |
| Término de materia o nombre geográfico como elemento de entrada |
Tabaquismo |
| 9 (RLIN) |
518 |
| 653 0# - TERMINO DE INDIZACION - NO CONTROLADO |
| Término no controlado |
Depresión |
| 653 0# - TERMINO DE INDIZACION - NO CONTROLADO |
| Término no controlado |
Pacientes |
| 653 0# - TERMINO DE INDIZACION - NO CONTROLADO |
| Término no controlado |
Abstinencia |
| 773 ## - ENLACE AL DOCUMENTO FUENTE/ENTRADA DE REGISTRO ANFITRIÓN |
| Parte(s) relacionada(s) |
Vol. 29, no. 4 (2017), p. 233-244 |
| Título |
Adicciones |
| Número Internacional Normalizado para Publicaciones Seriadas |
0214-4840 |
| 856 4# - LOCALIZACIÓN Y ACCESO ELECTRÓNICOS |
| Identificador Uniforme del Recurso |
<a href="http://www.adicciones.es/index.php/adicciones/article/view/761/829">http://www.adicciones.es/index.php/adicciones/article/view/761/829</a> |
| 902 ## - ELEMENTOS DE DATOS B LOCAL, LDB (RLIN) |
| Creó |
Gloria Jiménez/0424 |
| 905 ## - TIPO DE MATERIAL |
| Tipo de material |
Articulo |
| 942 ## - ELEMENTOS DE PUNTO DE ACCESO ADICIONAL (KOHA) |
| Tipo de ítem Koha |
Artículo Electrónico |